Sensor for Space Applications

Guardado en:
Detalles Bibliográficos
Autor principal: Okelo, Adika Stadevant (Autor)
Otros Autores: Hotový, Ivan (Orientador)
Formato: Manuscrito Libro
Lenguaje:eslovaco
inglés
Publicado: Bratislava : STU v Bratislave FEI, 2024
Materias:
Acceso en línea:https://opac.crzp.sk/?fn=detailBiblioFormChildG20S9A&sid=C1EFC3B1039AA8EF96ECFEAFAF84&seo=CRZP-detail-kniha
Etiquetas: Agregar Etiqueta
Sin Etiquetas, Sea el primero en etiquetar este registro!

MARC

LEADER 00000ntm a22000003a 4500
001 stuzp100011
003 SK-STU
005 20260204145624.9
007 ta
008 150427s2015----xo-----f-mn---000-0-slo-d
040 |a STU  |b slo 
041 0 |a eng 
044 |a xo 
100 1 |a Okelo, Adika Stadevant  |u 033000  |4 aut  |U FEI Fakulta elektrotechniky a informatiky  |T FEI Ústav elektroniky a fotoniky  |X 122177  |U E030  |Y 549  |7 122177 
242 0 1 |a Senzor Pre Vesmírne Aplikácie  |y slo 
245 1 0 |a Sensor for Space Applications 
260 |a Bratislava :  |b STU v Bratislave FEI,  |c 2024 
300 |a 64 s. 
650 4 |a Optimalizátor  |2 slo 
650 4 |a Simulácia  |2 slo 
650 4 |a Kondenzátor  |2 slo 
650 4 |a Senzor  |2 slo 
650 4 |a Optimizer  |2 eng 
650 4 |a Capacitor  |2 eng 
650 4 |a Simulation  |2 eng 
650 4 |a Sensor  |2 eng 
700 1 |a Hotový, Ivan  |u 033000  |k Z1  |4 ths  |U FEI Fakulta elektrotechniky a informatiky  |T FEI Ústav elektroniky a fotoniky  |X 4233  |U E030  |Y 549  |7 A000004233 
856 4 |u https://opac.crzp.sk/?fn=detailBiblioFormChildG20S9A&sid=C1EFC3B1039AA8EF96ECFEAFAF84&seo=CRZP-detail-kniha